00697cam a2200217 a 4500001001300000003000400013005001700017008004100034010001700075040001800092050001600110051002100126100004200147240002300189245010400212260004900316300002900365440003200394700003600426999001700462ca 25001086 DLC20260227111115.0830126s1924 ksuc 000 0 eng  aca 25001086  aDLCcDLCdDLC00aPS3252b.C7 aAC1b.L8 no. 7411 aWhittier, John Greenleaf,d1807-1892.10aPoems.kSelections10aPoems of John Greenleaf Whittier /cedited, with introduction and notes, by Nelson Antrim Crawford. aGirard, Kan. :bHaldeman-Julius Co.,cc1924. a64 p. :bport. ;c13 cm. 0aLittle blue book ;vno. 7411 aCrawford, Nelson Antrim,d1888- c16052d16052